[Event "DVM U20 2020"]
[Site "Willingen GER"]
[Date "2021.06.24"]
[Round "2"]
[White "Falke, Philipp"]
[Black "Brockmeyer, Tobias"]
[Result "0-1"]
[Termination "normal"]
[Board "4.5"]
[WhiteElo "1334"]
[BlackElo "1890"]
[WhiteClock "00:30:37"]
[BlackClock "00:26:37"]
[WhiteTeam "Post SV Uelzen"]
[BlackTeam "SK Lehrte von 1919 e. V."]
[PlyCount "94"]
[WhiteFideId "16294696"]
[BlackFideId "12982385"]
[EventCountry "GER"]
[EventRounds "7"]
[EventType "team-swiss"]
[EventDate "2021.06.23"]

1. e4 {[%clk 01:29:29]} {[%emt 00:01:29]} c5 {[%clk 01:30:58]} {[%emt
00:00:02]} 2. Nf3 {[%clk 01:29:47]} {[%emt 00:00:13]} e6 {[%clk 01:31:27]}
{[%emt 00:00:01]} 3. d4 {[%clk 01:29:42]} {[%emt 00:00:35]} cxd4 {[%clk
01:31:53]} {[%emt 00:00:05]} 4. Nxd4 {[%clk 01:29:59]} {[%emt 00:00:10]} a6
{[%clk 01:32:21]} {[%emt 00:00:04]} 5. Nc3 {[%clk 01:30:11]} {[%emt 00:00:17]}
Qc7 {[%clk 01:32:50]} {[%emt 00:00:02]} 6. Be3 {[%clk 01:29:40]} {[%emt
00:00:59]} Bb4 {[%clk 01:33:17]} {[%emt 00:00:07]} 7. Bd2 {[%clk 01:27:00]}
{[%emt 00:03:05]} Nf6 {[%clk 01:31:03]} {[%emt 00:02:47]} 8. Bd3 {[%clk
01:24:30]} {[%emt 00:02:58]} Bc5 {[%clk 01:26:32]} {[%emt 00:05:03]} 9. Nb3
{[%clk 01:19:30]} {[%emt 00:05:27]} Ba7 {[%clk 01:25:22]} {[%emt 00:01:43]} 10.
O-O {[%clk 01:18:10]} {[%emt 00:01:48]} Nc6 {[%clk 01:25:38]} {[%emt 00:00:16]}
11. Qe2 {[%clk 01:15:10]} {[%emt 00:03:25]} b5 {[%clk 01:22:46]} {[%emt
00:03:27]} 12. Be3 {[%clk 01:12:38]} {[%emt 00:03:01]} h5 {[%clk 01:10:19]}
{[%emt 00:12:59]} 13. Nd1 {[%clk 01:03:24]} {[%emt 00:09:42]} Ng4 {[%clk
01:09:20]} {[%emt 00:01:29]} 14. f4 {[%clk 01:00:12]} {[%emt 00:03:39]} Nxe3
{[%clk 01:06:26]} {[%emt 00:03:28]} 15. Nxe3 {[%clk 01:00:23]} {[%emt
00:00:19]} Bb7 {[%clk 01:04:25]} {[%emt 00:02:30]} 16. Kh1 {[%clk 00:55:48]}
{[%emt 00:05:04]} h4 {[%clk 00:55:06]} {[%emt 00:09:51]} 17. h3 {[%clk
00:50:06]} {[%emt 00:06:11]} Nd4 {[%clk 00:39:31]} {[%emt 00:16:06]} 18. Nxd4
{[%clk 00:43:48]} {[%emt 00:06:47]} Bxd4 {[%clk 00:39:15]} {[%emt 00:00:46]}
19. c3 {[%clk 00:42:58]} {[%emt 00:01:20]} Bb6 {[%clk 00:32:57]} {[%emt
00:06:49]} 20. f5 {[%clk 00:34:01]} {[%emt 00:09:27]} Qg3 {[%clk 00:22:58]}
{[%emt 00:10:28]} 21. Rf3 {[%clk 00:27:01]} {[%emt 00:07:27]} Qg5 {[%clk
00:22:15]} {[%emt 00:01:16]} 22. Nc2 {[%clk 00:22:04]} {[%emt 00:05:27]} O-O
{[%clk 00:19:45]} {[%emt 00:03:01]} 23. Raf1 {[%clk 00:18:23]} {[%emt
00:04:07]} Rac8 {[%clk 00:17:07]} {[%emt 00:03:11]} 24. f6 {[%clk 00:15:51]}
{[%emt 00:03:02]} g6 {[%clk 00:11:28]} {[%emt 00:06:10]} 25. Rf4 {[%clk
00:12:56]} {[%emt 00:03:21]} Bc7 {[%clk 00:07:49]} {[%emt 00:04:12]} 26. Rg4
{[%clk 00:10:07]} {[%emt 00:03:19]} Qh5 {[%clk 00:07:08]} {[%emt 00:01:12]} 27.
Qe3 {[%clk 00:05:15]} {[%emt 00:05:17]} Kh7 {[%clk 00:04:04]} {[%emt 00:03:38]}
28. Rg5 {[%clk 00:04:37]} {[%emt 00:01:07]} Qh6 {[%clk 00:04:33]} {[%emt
00:00:03]} 29. e5 {[%clk 00:04:10]} {[%emt 00:00:55]} d6 {[%clk 00:03:20]}
{[%emt 00:01:45]} 30. exd6 {[%clk 00:01:25]} {[%emt 00:03:16]} Bxd6 {[%clk
00:03:49]} {[%emt 00:00:01]} 31. Rg4 {[%clk 00:00:59]} {[%emt 00:00:55]} Bg3
{[%clk 00:03:23]} {[%emt 00:00:55]} 32. Qb6 {[%clk 00:00:43]} {[%emt 00:00:46]}
Bxg2+ {[%clk 00:02:45]} {[%emt 00:01:09]} 33. Kxg2 {[%clk 00:01:01]} {[%emt
00:00:11]} Qd2+ {[%clk 00:03:09]} {[%emt 00:00:07]} 34. Kf3 {[%clk 00:00:42]}
{[%emt 00:00:48]} Qxd3+ {[%clk 00:03:37]} {[%emt 00:00:03]} 35. Ne3 {[%clk
00:00:50]} {[%emt 00:00:21]} Qd7 {[%clk 00:01:26]} {[%emt 00:02:42]} 36. Rd1
{[%clk 00:00:48]} {[%emt 00:00:31]} Qc6+ {[%clk 00:01:45]} {[%emt 00:00:11]}
37. Qxc6 {[%clk 00:01:12]} {[%emt 00:00:06]} Rxc6 {[%clk 00:02:14]} {[%emt
00:00:02]} 38. Nf1 {[%clk 00:01:07]} {[%emt 00:00:33]} e5 {[%clk 00:02:09]}
{[%emt 00:00:37]} 39. Nxg3 {[%clk 00:01:04]} {[%emt 00:00:34]} Rxf6+ {[%clk
00:02:13]} {[%emt 00:00:25]} 40. Ke4 {[%clk 00:01:24]} {[%emt 00:00:09]} hxg3
{[%clk 00:02:29]} {[%emt 00:00:16]} 41. Kxe5 {[%clk 00:01:04]} {[%emt
00:00:47]} Rf5+ {[%clk 00:01:27]} {[%emt 00:01:35]} 42. Ke4 {[%clk 00:00:37]}
{[%emt 00:00:55]} Re8+ {[%clk 00:01:45]} {[%emt 00:00:14]} 43. Kd3 {[%clk
00:00:38]} {[%emt 00:00:27]} Rd8+ {[%clk 00:25:54]} {[%emt 00:06:22]} 44. Kc2
{[%clk 00:30:08]} {[%emt 00:01:00]} Rf2+ {[%clk 00:26:12]} {[%emt 00:00:12]}
45. Kc1 {[%clk 00:30:20]} {[%emt 00:00:19]} Rxd1+ {[%clk 00:26:14]} {[%emt
00:00:29]} 46. Kxd1 {[%clk 00:30:37]} {[%emt 00:00:11]} g2 {[%clk 00:26:14]}
{[%emt 00:00:30]} 47. Ke1 {[%clk 00:30:37]} {[%emt 00:00:30]} Rf1+ {[%clk
00:26:37]} {[%emt 00:00:08]} 0-1

[Event "DVM U20 2020"]
[Site "Willingen GER"]
[Date "2021.06.24"]
[Round "2"]
[White "Niemann, Leon"]
[Black "Schulze, Max Peter"]
[Result "1-0"]
[Termination "normal"]
[Board "4.6"]
[WhiteElo "1838"]
[BlackElo "1125"]
[WhiteClock "00:06:26"]
[BlackClock "00:02:27"]
[WhiteTeam "SK Lehrte von 1919 e. V."]
[BlackTeam "Post SV Uelzen"]
[PlyCount "59"]
[WhiteFideId "16218388"]
[BlackFideId "16272200"]
[EventCountry "GER"]
[EventRounds "7"]
[EventType "team-swiss"]
[EventDate "2021.06.23"]

1. e4 {[%clk 01:30:58]} {[%emt 00:00:01]} e6 {[%clk 01:30:46]} {[%emt
00:00:16]} 2. d4 {[%clk 01:31:22]} {[%emt 00:00:05]} d5 {[%clk 01:31:04]}
{[%emt 00:00:11]} 3. Bd3 {[%clk 01:31:46]} {[%emt 00:00:05]} dxe4 {[%clk
01:31:25]} {[%emt 00:00:10]} 4. Bxe4 {[%clk 01:32:10]} {[%emt 00:00:07]} Nf6
{[%clk 01:31:49]} {[%emt 00:00:05]} 5. Bf3 {[%clk 01:32:37]} {[%emt 00:00:03]}
Nbd7 {[%clk 01:32:04]} {[%emt 00:00:15]} 6. Bf4 {[%clk 01:32:06]} {[%emt
00:01:01]} Bd6 {[%clk 01:30:45]} {[%emt 00:01:49]} 7. Bxd6 {[%clk 01:30:58]}
{[%emt 00:01:38]} cxd6 {[%clk 01:31:01]} {[%emt 00:00:14]} 8. Ne2 {[%clk
01:30:38]} {[%emt 00:00:49]} e5 {[%clk 01:30:56]} {[%emt 00:00:35]} 9. Nbc3
{[%clk 01:29:29]} {[%emt 00:01:39]} O-O {[%clk 01:30:07]} {[%emt 00:01:19]} 10.
O-O {[%clk 01:29:53]} {[%emt 00:00:06]} Re8 {[%clk 01:29:55]} {[%emt 00:00:41]}
11. Ne4 {[%clk 01:21:11]} {[%emt 00:09:13]} Qb6 {[%clk 01:27:14]} {[%emt
00:03:10]} 12. b3 {[%clk 01:18:01]} {[%emt 00:03:41]} a6 {[%clk 01:00:36]}
{[%emt 00:27:07]} 13. c4 {[%clk 01:09:14]} {[%emt 00:09:17]} Nxe4 {[%clk
00:52:46]} {[%emt 00:08:21]} 14. Bxe4 {[%clk 01:08:14]} {[%emt 00:01:29]} Nf6
{[%clk 00:51:27]} {[%emt 00:01:49]} 15. Bc2 {[%clk 01:06:50]} {[%emt 00:01:55]}
Bd7 {[%clk 00:49:40]} {[%emt 00:02:17]} 16. Qd2 {[%clk 00:59:01]} {[%emt
00:08:19]} Rad8 {[%clk 00:45:41]} {[%emt 00:04:29]} 17. Rad1 {[%clk 00:58:05]}
{[%emt 00:01:26]} Qc6 {[%clk 00:32:39]} {[%emt 00:13:32]} 18. d5 {[%clk
00:51:03]} {[%emt 00:07:32]} Qc8 {[%clk 00:31:27]} {[%emt 00:01:41]} 19. Ng3
{[%clk 00:45:36]} {[%emt 00:05:56]} Re7 {[%clk 00:27:40]} {[%emt 00:04:18]} 20.
h3 {[%clk 00:34:05]} {[%emt 00:12:01]} Rde8 {[%clk 00:19:17]} {[%emt 00:08:53]}
21. Rfe1 {[%clk 00:31:02]} {[%emt 00:03:33]} b5 {[%clk 00:14:47]} {[%emt
00:04:59]} 22. cxb5 {[%clk 00:19:12]} {[%emt 00:12:21]} Bxb5 {[%clk 00:14:04]}
{[%emt 00:01:14]} 23. Bb1 {[%clk 00:14:17]} {[%emt 00:05:25]} Qb7 {[%clk
00:11:30]} {[%emt 00:03:03]} 24. Nf5 {[%clk 00:13:54]} {[%emt 00:00:53]} Rd7
{[%clk 00:08:50]} {[%emt 00:03:10]} 25. a4 {[%clk 00:12:28]} {[%emt 00:01:56]}
Bxa4 {[%clk 00:05:35]} {[%emt 00:03:45]} 26. bxa4 {[%clk 00:12:51]} {[%emt
00:00:07]} Rb8 {[%clk 00:04:53]} {[%emt 00:01:12]} 27. Nxg7 {[%clk 00:09:59]}
{[%emt 00:03:22]} Nxd5 {[%clk 00:03:55]} {[%emt 00:01:28]} 28. Nh5 {[%clk
00:07:06]} {[%emt 00:03:23]} Qb4 {[%clk 00:02:26]} {[%emt 00:01:59]} 29. Qxb4
{[%clk 00:05:58]} {[%emt 00:01:37]} Nxb4 {[%clk 00:02:27]} {[%emt 00:00:30]}
30. Nf6+ {[%clk 00:06:26]} {[%emt 00:00:02]} 1-0

[Event "DVM U20 2020"]
[Site "Willingen GER"]
[Date "2021.06.24"]
[Round "2"]
[White "Suvorov, Alexander"]
[Black "Wendler, David"]
[Result "1-0"]
[Termination "normal"]
[Board "5.1"]
[WhiteTitle "FM"]
[WhiteElo "2353"]
[BlackElo "2295"]
[WhiteClock "00:09:20"]
[BlackClock "00:05:33"]
[WhiteTeam "Schachgemeinschaft Porz e. V."]
[BlackTeam "SK Bebenhausen 1992"]
[PlyCount "159"]
[WhiteFideId "12977063"]
[BlackFideId "12938360"]
[EventCountry "GER"]
[EventRounds "7"]
[EventType "team-swiss"]
[EventDate "2021.06.23"]

1. d4 {[%clk 01:30:57]} Nf6 {[%clk 01:30:54]} {[%emt 00:00:06]} 2. c4 {[%clk
01:31:20]} {[%emt 00:00:07]} c5 {[%clk 01:31:16]} {[%emt 00:00:08]} 3. d5
{[%clk 01:31:45]} {[%emt 00:00:06]} b5 {[%clk 01:31:41]} {[%emt 00:00:04]} 4.
Qc2 {[%clk 01:32:11]} {[%emt 00:00:04]} bxc4 {[%clk 01:24:42]} {[%emt
00:07:30]} 5. e4 {[%clk 01:32:37]} {[%emt 00:00:04]} e6 {[%clk 01:22:54]}
{[%emt 00:02:17]} 6. Bxc4 {[%clk 01:32:58]} {[%emt 00:00:10]} exd5 {[%clk
01:19:17]} {[%emt 00:04:06]} 7. exd5 {[%clk 01:33:24]} {[%emt 00:00:05]} d6
{[%clk 01:19:24]} {[%emt 00:00:22]} 8. Nc3 {[%clk 01:33:18]} {[%emt 00:00:36]}
Be7 {[%clk 01:18:34]} {[%emt 00:01:20]} 9. Nge2 {[%clk 01:33:06]} {[%emt
00:00:41]} O-O {[%clk 01:16:34]} {[%emt 00:02:32]} 10. O-O {[%clk 01:33:26]}
{[%emt 00:00:09]} Nbd7 {[%clk 01:14:20]} {[%emt 00:02:44]} 11. Ng3 {[%clk
01:29:43]} {[%emt 00:04:13]} Nb6 {[%clk 01:05:45]} {[%emt 00:09:06]} 12. b3
{[%clk 01:28:46]} {[%emt 00:01:26]} Ng4 {[%clk 00:56:56]} {[%emt 00:09:19]} 13.
Bb2 {[%clk 01:19:36]} {[%emt 00:09:40]} Nxc4 {[%clk 00:49:37]} {[%emt
00:07:50]} 14. bxc4 {[%clk 01:19:58]} {[%emt 00:00:07]} Ne5 {[%clk 00:48:02]}
{[%emt 00:02:05]} 15. Nce4 {[%clk 01:15:53]} {[%emt 00:04:36]} f5 {[%clk
00:30:03]} {[%emt 00:18:29]} 16. Nxc5 {[%clk 01:12:14]} {[%emt 00:04:08]} f4
{[%clk 00:30:30]} {[%emt 00:00:04]} 17. Nge4 {[%clk 01:11:48]} {[%emt
00:00:55]} f3 {[%clk 00:30:07]} {[%emt 00:00:54]} 18. Bxe5 {[%clk 01:07:45]}
{[%emt 00:04:34]} fxg2 {[%clk 00:27:19]} {[%emt 00:03:18]} 19. Rfe1 {[%clk
01:02:50]} {[%emt 00:05:24]} dxc5 {[%clk 00:25:56]} {[%emt 00:01:53]} 20. Qc3
{[%clk 01:00:26]} {[%emt 00:02:55]} Rf7 {[%clk 00:24:04]} {[%emt 00:02:22]} 21.
d6 {[%clk 00:57:13]} {[%emt 00:03:43]} Bh4 {[%clk 00:23:35]} {[%emt 00:00:58]}
22. Bg3 {[%clk 00:56:16]} {[%emt 00:01:27]} Bb7 {[%clk 00:17:29]} {[%emt
00:06:36]} 23. Nxc5 {[%clk 00:54:30]} {[%emt 00:02:15]} Bf6 {[%clk 00:15:59]}
{[%emt 00:02:00]} 24. Nxb7 {[%clk 00:52:20]} {[%emt 00:02:41]} Bxc3 {[%clk
00:15:44]} {[%emt 00:00:45]} 25. Nxd8 {[%clk 00:52:26]} {[%emt 00:00:23]} Rxd8
{[%clk 00:15:58]} {[%emt 00:00:17]} 26. Bh4 {[%clk 00:38:37]} {[%emt 00:14:19]}
Rxd6 {[%clk 00:05:14]} {[%emt 00:11:13]} 27. Re8+ {[%clk 00:36:50]} {[%emt
00:02:18]} Rf8 {[%clk 00:05:39]} {[%emt 00:00:04]} 28. Rxf8+ {[%clk 00:37:08]}
{[%emt 00:00:12]} Kxf8 {[%clk 00:06:05]} {[%emt 00:00:04]} 29. Rc1 {[%clk
00:36:28]} {[%emt 00:01:09]} Bd4 {[%clk 00:05:31]} {[%emt 00:01:05]} 30. Kxg2
{[%clk 00:36:04]} {[%emt 00:00:54]} Bc5 {[%clk 00:03:53]} {[%emt 00:02:07]} 31.
Rc2 {[%clk 00:35:08]} {[%emt 00:01:26]} Rd4 {[%clk 00:03:02]} {[%emt 00:01:22]}
32. Bg3 {[%clk 00:34:45]} {[%emt 00:00:54]} Kf7 {[%clk 00:03:26]} {[%emt
00:00:05]} 33. Kf3 {[%clk 00:27:04]} {[%emt 00:08:11]} g5 {[%clk 00:02:33]}
{[%emt 00:01:24]} 34. Ke2 {[%clk 00:23:08]} {[%emt 00:04:26]} g4 {[%clk
00:00:59]} {[%emt 00:02:04]} 35. f3 {[%clk 00:23:10]} {[%emt 00:00:27]} gxf3+
{[%clk 00:01:23]} {[%emt 00:00:06]} 36. Kxf3 {[%clk 00:23:38]} {[%emt
00:00:03]} Rd1 {[%clk 00:00:36]} {[%emt 00:01:16]} 37. Ke2 {[%clk 00:22:19]}
{[%emt 00:01:49]} Rd7 {[%clk 00:00:56]} {[%emt 00:00:10]} 38. Rb2 {[%clk
00:16:24]} {[%emt 00:06:26]} Re7+ {[%clk 00:01:17]} {[%emt 00:00:08]} 39. Kd2
{[%clk 00:13:05]} {[%emt 00:03:49]} Re4 {[%clk 00:01:25]} {[%emt 00:00:22]} 40.
Rb7+ {[%clk 00:01:46]} {[%emt 00:11:49]} Kg6 {[%clk 00:01:18]} {[%emt
00:00:36]} 41. Rc7 {[%clk 00:28:55]} {[%emt 00:03:21]} Rxc4 {[%clk 00:16:18]}
{[%emt 00:15:30]} 42. Kd3 {[%clk 00:28:13]} {[%emt 00:01:13]} Rc1 {[%clk
00:16:43]} {[%emt 00:00:05]} 43. Bf2 {[%clk 00:27:47]} {[%emt 00:00:56]} Be3
{[%clk 00:16:35]} {[%emt 00:00:39]} 44. Rxc1 {[%clk 00:28:05]} {[%emt
00:00:20]} Bxc1 {[%clk 00:17:01]} 45. Bxa7 {[%clk 00:28:33]} Kf5 {[%emt
00:03:20]} 46. Bb8 {[%clk 00:25:21]} {[%emt 00:00:54]} Ba3 {[%clk 00:16:58]}
{[%emt 00:00:28]} 47. Kc4 {[%clk 00:25:03]} {[%emt 00:00:49]} Ke6 {[%clk
00:17:13]} {[%emt 00:00:15]} 48. Kb3 {[%clk 00:25:02]} {[%emt 00:00:31]} Bc1
{[%clk 00:16:59]} {[%emt 00:00:44]} 49. a4 {[%clk 00:25:09]} {[%emt 00:00:23]}
Kd5 {[%clk 00:17:11]} {[%emt 00:00:18]} 50. Kb4 {[%clk 00:21:26]} {[%emt
00:04:13]} Kc6 {[%clk 00:17:10]} {[%emt 00:00:31]} 51. Ba7 {[%clk 00:19:06]}
{[%emt 00:02:49]} Bd2+ {[%clk 00:11:06]} {[%emt 00:06:35]} 52. Kc4 {[%clk
00:18:58]} {[%emt 00:00:38]} Be1 {[%clk 00:10:59]} {[%emt 00:00:37]} 53. Be3
{[%clk 00:16:59]} {[%emt 00:02:29]} Ba5 {[%clk 00:11:02]} {[%emt 00:00:26]} 54.
Bg5 {[%clk 00:16:40]} {[%emt 00:00:50]} Bb6 {[%emt 00:02:01]} 55. Bd2 {[%clk
00:16:22]} Bd8 {[%emt 00:02:08]} 56. Kd4 {[%clk 00:14:45]} {[%emt 00:00:34]}
Kd6 {[%clk 00:09:51]} {[%emt 00:00:53]} 57. Bb4+ {[%clk 00:14:46]} {[%emt
00:00:29]} Kc6 {[%clk 00:10:09]} {[%emt 00:00:12]} 58. Ke4 {[%clk 00:14:47]}
{[%emt 00:00:29]} Bh4 {[%clk 00:09:25]} {[%emt 00:01:13]} 59. Ke5 {[%clk
00:14:15]} {[%emt 00:01:00]} Bg5 {[%clk 00:08:56]} {[%emt 00:01:02]} 60. Ke6
{[%clk 00:14:08]} {[%emt 00:00:37]} Be3 {[%clk 00:08:43]} {[%emt 00:00:43]} 61.
h3 {[%clk 00:13:57]} {[%emt 00:00:42]} h6 {[%clk 00:06:48]} {[%emt 00:02:24]}
62. Kf5 {[%clk 00:12:18]} {[%emt 00:02:08]} Kd5 {[%clk 00:07:04]} {[%emt
00:00:14]} 63. Kg6 {[%clk 00:10:18]} {[%emt 00:02:31]} Kc4 {[%clk 00:06:24]}
{[%emt 00:01:11]} 64. Bf8 {[%clk 00:09:25]} {[%emt 00:01:23]} Kb3 {[%clk
00:06:48]} {[%emt 00:00:05]} 65. a5 {[%clk 00:09:32]} {[%emt 00:00:24]} Ka4
{[%clk 00:07:07]} {[%emt 00:00:10]} 66. Bxh6 {[%clk 00:09:56]} {[%emt
00:00:06]} Bf2 {[%clk 00:06:33]} {[%emt 00:01:05]} 67. Bd2 {[%clk 00:09:37]}
{[%emt 00:00:49]} Kb5 {[%clk 00:06:56]} {[%emt 00:00:06]} 68. Kf5 {[%clk
00:09:58]} {[%emt 00:00:09]} Ka6 {[%clk 00:07:12]} {[%emt 00:00:14]} 69. Kg4
{[%clk 00:10:26]} {[%emt 00:00:02]} Kb5 {[%clk 00:07:21]} {[%emt 00:00:21]} 70.
Bf4 {[%clk 00:07:45]} {[%emt 00:03:12]} Kxa5 {[%clk 00:07:41]} {[%emt
00:00:10]} 71. Bg3 {[%clk 00:08:13]} {[%emt 00:00:01]} Bd4 {[%clk 00:06:10]}
{[%emt 00:02:00]} 72. h4 {[%clk 00:07:23]} {[%emt 00:01:21]} Kb5 {[%clk
00:06:10]} {[%emt 00:00:31]} 73. h5 {[%clk 00:07:23]} {[%emt 00:00:29]} Kc6
{[%clk 00:06:07]} {[%emt 00:00:33]} 74. h6 {[%clk 00:06:58]} {[%emt 00:00:56]}
Kd7 {[%clk 00:06:25]} {[%emt 00:00:11]} 75. Kf5 {[%clk 00:07:17]} {[%emt
00:00:11]} Ke7 {[%clk 00:05:37]} {[%emt 00:01:17]} 76. Kg6 {[%clk 00:07:42]}
{[%emt 00:00:06]} Kf8 {[%clk 00:04:53]} {[%emt 00:01:13]} 77. h7 {[%clk
00:08:06]} {[%emt 00:00:07]} Ba1 {[%clk 00:05:04]} {[%emt 00:00:18]} 78. Bf4
{[%clk 00:08:29]} {[%emt 00:00:08]} Bh8 {[%clk 00:05:10]} {[%emt 00:00:24]} 79.
Bh6+ {[%clk 00:08:53]} {[%emt 00:00:06]} Ke7 {[%clk 00:05:33]} {[%emt
00:00:07]} 80. Bg7 {[%clk 00:09:20]} {[%emt 00:00:03]} 1-0

[Event "DVM U20 2020"]
[Site "Willingen GER"]
[Date "2021.06.24"]
[Round "2"]
[White "Freiherr von Hauff, Christopher"]
[Black "Suvorov, Luca"]
[Result "0-1"]
[Termination "normal"]
[Board "5.2"]
[BlackTitle "FM"]
[WhiteElo "1832"]
[BlackElo "2279"]
[WhiteClock "00:00:55"]
[BlackClock "00:02:37"]
[WhiteTeam "SK Bebenhausen 1992"]
[BlackTeam "Schachgemeinschaft Porz e. V."]
[PlyCount "78"]
[WhiteFideId "16200691"]
[BlackFideId "12977071"]
[EventCountry "GER"]
[EventRounds "7"]
[EventType "team-swiss"]
[EventDate "2021.06.23"]

1. e4 {[%clk 01:30:58]} {[%emt 00:00:03]} e5 {[%clk 01:30:50]} {[%emt
00:00:09]} 2. Nf3 {[%clk 01:31:19]} {[%emt 00:00:09]} Nc6 {[%clk 01:31:08]}
{[%emt 00:00:12]} 3. Bc4 {[%clk 01:31:36]} {[%emt 00:00:12]} Nf6 {[%clk
01:31:30]} {[%emt 00:00:08]} 4. d3 {[%clk 01:31:59]} {[%emt 00:00:07]} Be7
{[%clk 01:31:48]} {[%emt 00:00:13]} 5. O-O {[%clk 01:30:46]} {[%emt 00:01:42]}
O-O {[%clk 01:31:44]} {[%emt 00:00:32]} 6. Re1 {[%clk 01:31:07]} {[%emt
00:00:12]} d6 {[%clk 01:32:08]} {[%emt 00:00:07]} 7. a4 {[%clk 01:31:10]}
{[%emt 00:00:25]} Na5 {[%clk 01:31:57]} {[%emt 00:00:41]} 8. Ba2 {[%clk
01:31:28]} {[%emt 00:00:13]} c5 {[%clk 01:32:17]} {[%emt 00:00:09]} 9. c3
{[%clk 01:30:40]} {[%emt 00:01:20]} Nc6 {[%clk 01:31:02]} {[%emt 00:01:45]} 10.
Na3 {[%clk 01:29:13]} {[%emt 00:01:55]} a6 {[%clk 01:30:24]} {[%emt 00:01:09]}
11. Bd2 {[%clk 01:29:06]} {[%emt 00:00:36]} h6 {[%clk 01:26:47]} {[%emt
00:04:08]} 12. h3 {[%clk 01:26:25]} {[%emt 00:03:09]} Re8 {[%clk 01:26:10]}
{[%emt 00:01:07]} 13. Nc2 {[%clk 01:19:40]} {[%emt 00:07:16]} Bf8 {[%clk
01:12:38]} {[%emt 00:14:02]} 14. Ne3 {[%clk 01:05:25]} {[%emt 00:14:45]} Be6
{[%clk 01:09:00]} {[%emt 00:04:07]} 15. Nd5 {[%clk 00:52:47]} {[%emt 00:13:08]}
Bxd5 {[%clk 01:06:34]} {[%emt 00:02:57]} 16. exd5 {[%clk 00:53:11]} {[%emt
00:00:07]} Ne7 {[%clk 01:06:11]} {[%emt 00:00:52]} 17. Nh4 {[%clk 00:51:28]}
{[%emt 00:02:12]} g6 {[%clk 00:58:07]} {[%emt 00:08:35]} 18. Qf3 {[%clk
00:49:36]} {[%emt 00:02:22]} Nc8 {[%clk 00:45:05]} {[%emt 00:13:32]} 19. g4
{[%clk 00:34:22]} {[%emt 00:15:44]} Nd7 {[%clk 00:36:47]} {[%emt 00:08:48]} 20.
Qg3 {[%clk 00:32:20]} {[%emt 00:02:33]} Bg7 {[%clk 00:33:00]} {[%emt 00:04:16]}
21. Kh1 {[%clk 00:30:36]} {[%emt 00:02:14]} Bf6 {[%clk 00:22:43]} {[%emt
00:10:47]} 22. Ng2 {[%clk 00:29:54]} {[%emt 00:01:12]} g5 {[%clk 00:17:12]}
{[%emt 00:06:01]} 23. Ne3 {[%clk 00:27:31]} {[%emt 00:02:53]} Bg7 {[%clk
00:16:39]} {[%emt 00:01:03]} 24. Nf5 {[%clk 00:27:21]} {[%emt 00:00:40]} Qf6
{[%clk 00:16:19]} {[%emt 00:00:51]} 25. d4 {[%clk 00:21:45]} {[%emt 00:06:06]}
Ne7 {[%clk 00:15:10]} {[%emt 00:01:39]} 26. dxe5 {[%clk 00:18:19]} {[%emt
00:03:56]} Nxf5 {[%clk 00:14:49]} {[%emt 00:00:51]} 27. gxf5 {[%clk 00:13:43]}
{[%emt 00:05:05]} Rxe5 {[%clk 00:11:25]} {[%emt 00:03:54]} 28. f4 {[%clk
00:09:17]} {[%emt 00:04:56]} Rxf5 {[%clk 00:05:32]} {[%emt 00:06:24]} 29. fxg5
{[%clk 00:09:35]} {[%emt 00:00:11]} hxg5 {[%clk 00:05:38]} {[%emt 00:00:25]}
30. Rg1 {[%clk 00:08:20]} {[%emt 00:01:44]} Rf3 {[%clk 00:05:40]} {[%emt
00:00:28]} 31. Qg4 {[%clk 00:05:21]} {[%emt 00:03:29]} Ne5 {[%clk 00:05:43]}
{[%emt 00:00:27]} 32. Qh5 {[%clk 00:03:13]} {[%emt 00:02:38]} Qf5 {[%clk
00:05:26]} {[%emt 00:00:48]} 33. Bb1 {[%clk 00:02:26]} {[%emt 00:01:17]} Nd3
{[%clk 00:02:41]} {[%emt 00:03:14]} 34. Bxd3 {[%clk 00:01:26]} {[%emt
00:01:31]} Rxh3+ {[%clk 00:00:54]} {[%emt 00:02:17]} 35. Kg2 {[%clk 00:01:36]}
{[%emt 00:00:19]} Rxd3 {[%clk 00:01:18]} {[%emt 00:00:06]} 36. Bxg5 {[%clk
00:01:01]} {[%emt 00:01:05]} Rd2+ {[%clk 00:01:15]} {[%emt 00:00:33]} 37. Kg3
{[%clk 00:00:35]} {[%emt 00:00:55]} Qf2+ {[%clk 00:01:42]} {[%emt 00:00:04]}
38. Kg4 {[%clk 00:00:37]} {[%emt 00:00:29]} f5+ {[%clk 00:02:09]} {[%emt
00:00:03]} 39. Kh3 {[%clk 00:00:55]} {[%emt 00:00:11]} Qh2# {[%clk 00:02:37]}
{[%emt 00:00:02]} 0-1